Quiz Dragon Ball - Statistiques

Statistiques générales
  • Ce quiz a été pris 148 fois
  • Le résultat moyen est 12 sur 27
Statistiques - réponses
Question Réponse % Correct
Quel âge a Goku au début de l'histoire ? 12 ans
75%
Lequel de ces personnage n'était pas a Kame House quand Raditz est arrivé ? Chichi
74%
En laquelle de ces choses Oolong ne s'est-il jamais transformé ? En alien
71%
Quelle célèbre phrase Vegeta a-t-il prononcée en voyant la puissance de Goku ? It's over 9000
66%
Quel est le premier de ces personnages a être vaincu par Vegeta sur Namek ? Kiwi
65%
En faisant quel sport Gohan fait-il un saut surhumain ? Du baseball
63%
Lequel de ces personnage n'était pas vivant pendant le combat Freezer contre Goku super Saiyan ? Vegeta
63%
Qu'on fait Yajirobé et Goku avec Cymbal ( le dragon fils du Roi Démon Piccolo) ? Ils l'ont mangé
57%
En quoi Boo a-t-il transformé Dabra ? En biscuit
51%
Quelle technique du janken Goku a-t-il utilisé contre Yamcha ? Il a utilisé les 3
49%
Qu'est-ce que Goku a fait d'interdit pendant son combat contre Guilan ? Il a utilisé Kinto-un
47%
Quels membres du commando Ginyu sont vaincus par Goku ? Ginyu, Butta et Reacum
46%
Avec qui le vieux Kaio Shin a-t-il fusionné à cause des potalas ? Avec une sorcière
44%
Qui est le premier de ces personnage a être allé dans la salle de l'esprit et du temps ? Goku
44%
Comment réagit en premier Vegeta quand Goku meurt ? Il ne veut plus jamais se battre
43%
Comment s'appelle le monstre de la Muscle tower ? Boing
41%
Comment réagit Trunks quand Vegeta lui fait un calin avant de se sacrifier ? Il est gêné
41%
Quel âge a Piccolo junior pendant son combat contre Goku ? 3 ans
40%
Combien pèsent les premières carapaces que doivent porter Goku et Krilin pendant leur entraînement ? 20 kg
37%
Quelle activité Maître Kaio a dit a Goku qu'il faisait sur sa planète ? Compter les brins d'herbe
37%
Que fait Goten pour montrer a Videl ce qu'est le Ki ( l'aura ) ? Il tire un laser par sa main
35%
Lequel de ces membres du Red Ribon Goku a-t-il vaincu en premier ? Silver
34%
Quel est le calcul qui permet a Krilin de vaincre Chaozu ? 9-1
28%
Qui devait être le 1er adversaire de Goten dans le 28e Tenkaichi Budokai ? Boo
26%
Qui arrive en premier après l'arc Namek ? On ne sait pas
16%
Lequel de ces personnages a participé au 23e Tenkaichi Budokai ? Pamputt
15%
Quel est le dernier personnage que l'on voit dans le manga ? Vegeta
7%
Aucun quiz correspondant
Distribution des résultats
% des personnes avec chaque résultat
Percentile par nombre de réponses
Votre historique - résultats
Vous n’avez pas pris ce quiz